00622naa a2200181 a 450000100080000000500110000800800410001910000200006024501560008026000090023665300210024565300180026665300140028465300210029870000220031970000160034177300830035710432232006-03-03 2005 bl uuuu u00u1 u #d1 aFRIZZONE, J. A. aProdutividade e qualiade de frutos de meloeiro cultivado em ambiente protegido com aplicacao de dioxido de carbono e de potassio via agua de irrigacao. c2005 aAgua carbonatada aFertirrigacao aIrrigacao aMelao rendilhado1 aCARDOSO, S. da S.1 aREZENDE, R. tActa Scientiarum: Agronomy, Maringagv. 27, n. 4, p. 707-717, oct./dec., 2005.